[Event "Velka cena Tabora"]
[Site "?"]
[Date "2018.08.04"]
[Round "8.26"]
[White "Kuta, Miroslav"]
[Black "Toman, Antonin"]
[Result "1/2-1/2"]
[WhiteElo "1725"]
[BlackElo "1816"]
[PlyCount "25"]
[EventDate "2018.??.??"]

1. d4 d5 2. c4 e6 3. cxd5 exd5 4. Nc3 Nf6 5. Bg5 c6 6. Qc2 Be7 7. e3 Nbd7 8.
Bd3 h6 9. Bh4 O-O 10. Nge2 Re8 11. O-O Nf8 12. Rab1 a5 13. a3 1/2-1/2

[Event "Velka cena Tabora"]
[Site "?"]
[Date "2018.08.04"]
[Round "8.27"]
[White "Slajs, Vlastimil"]
[Black "Vasicek, Milan"]
[Result "1-0"]
[WhiteElo "1805"]
[BlackElo "1630"]
[PlyCount "81"]
[EventDate "2018.??.??"]

1. d4 Nf6 2. c4 g6 3. Nc3 Bg7 4. e4 d6 5. Be2 O-O 6. Bg5 Nc6 7. Qd2 Qe8 8. h3
e5 9. d5 Nd4 10. Nf3 Bd7 11. O-O Nh5 12. Be3 Nxe2+ 13. Qxe2 f5 14. Nh2 f4 15.
Bd2 g5 16. b4 Qg6 17. c5 Nf6 18. cxd6 cxd6 19. f3 Nh5 20. Rfc1 Ng3 21. Qf2 h5
22. Ne2 h4 23. Rc7 Bb5 24. Nc3 Bd3 25. Rxb7 Rf7 26. Rxf7 Qxf7 27. a4 Qb7 28. b5
a5 29. Rc1 Bf6 30. Be1 Bd8 31. Qd2 Bb6+ 32. Bf2 Bc4 33. Bxb6 Qxb6+ 34. Qf2 Qe3
35. Qxe3 fxe3 36. Ng4 e2 37. Kf2 Rc8 38. Ne3 Bb3 39. Nxe2 Rb8 40. Ra1 Nh5 41.
Ra3 1-0

[Event "Velka cena Tabora"]
[Site "?"]
[Date "2018.08.04"]
[Round "8.28"]
[White "Valtr, Filip"]
[Black "Havelka, Stanislav"]
[Result "1-0"]
[WhiteElo "1800"]
[BlackElo "1000"]
[PlyCount "55"]
[EventDate "2018.??.??"]

1. e4 c5 2. Nf3 d6 3. d4 cxd4 4. Nxd4 Nf6 5. Nc3 g6 6. Be2 Bg7 7. Be3 Nc6 8. h3
O-O 9. O-O Bd7 10. Qd2 Nxd4 11. Bxd4 Bc6 12. Bd3 a6 13. Rad1 Qc7 14. f4 b5 15.
a3 Rad8 16. Qf2 Qb7 17. Rde1 h5 18. Qg3 Nxe4 19. Nxe4 Bxd4+ 20. Kh1 Bg7 21. f5
Be8 22. Ng5 d5 23. fxg6 fxg6 24. Rxf8+ Bxf8 25. Ne6 Qb8 26. Qg5 Rd6 27. Bxg6
Bxg6 28. Qxg6+ 1-0

[Event "Velka cena Tabora"]
[Site "?"]
[Date "2018.08.04"]
[Round "8.29"]
[White "Svetly, Jiri"]
[Black "Stastna, Martina"]
[Result "1/2-1/2"]
[WhiteElo "1985"]
[BlackElo "1531"]
[PlyCount "134"]
[EventDate "2018.??.??"]

1. d4 d5 2. c4 e6 3. Nc3 Nf6 4. Bg5 Nbd7 5. e3 Be7 6. Nf3 c6 7. cxd5 exd5 8.
Bd3 h6 9. Bh4 Ne4 10. Bxe7 Qxe7 11. Qc2 Ndf6 12. Ne5 Nxc3 13. bxc3 Be6 14. O-O
O-O 15. f4 Ng4 16. Nxg4 Bxg4 17. Rae1 Bh5 18. h3 Qh4 19. Kh2 f5 20. Bxf5 Rae8
21. g3 Qf6 22. Bd3 Re7 23. g4 Be8 24. Qg2 Ref7 25. e4 dxe4 26. Bc4 Kh8 27. Bxf7
Bxf7 28. Qxe4 Bxa2 29. Qe7 Bc4 30. Qxf6 Rxf6 31. Rf2 a5 32. Kg3 a4 33. g5 hxg5
34. fxg5 Rxf2 35. Kxf2 Kh7 36. Re7 b5 37. Ra7 Kg6 38. h4 Kh5 39. Kg3 Kg6 40.
Kf4 Bd5 41. Ra8 Bc4 42. Ra7 Bd5 43. h5+ Kxh5 44. Kf5 Bc4 45. Rxg7 Bd3+ 46. Kf6
Kg4 47. g6 Kf4 48. Rc7 Bc4 49. g7 a3 50. Ra7 a2 51. Ke7 Ke3 52. Kf8 Kd3 53.
g8=Q Bxg8 54. Kxg8 Kxc3 55. Rxa2 Kxd4 56. Kf7 b4 57. Ke6 c5 58. Ra4 Kc4 59. Ke5
Kb3 60. Ra8 c4 61. Kd4 Kc2 62. Kxc4 b3 63. Rh8 b2 64. Rh2+ Kb1 65. Rh8 Kc2 66.
Rh2+ Kb1 67. Kc3 Ka1 1/2-1/2

[Event "Velka cena Tabora"]
[Site "?"]
[Date "2018.08.04"]
[Round "8.30"]
[White "Privoznik, Lubos"]
[Black "Matejka, Radek"]
[Result "0-1"]
[WhiteElo "1626"]
[BlackElo "1923"]
[PlyCount "125"]
[EventDate "2018.??.??"]

1. e4 d5 2. exd5 Qxd5 3. Nc3 Qa5 4. d4 c6 5. Bd2 Nf6 6. Nf3 Bg4 7. Ne4 Qc7 8.
Nxf6+ gxf6 9. h3 Bf5 10. Nh4 Be4 11. Be2 Nd7 12. Be3 e6 13. Bf3 Bxf3 14. Nxf3
Qa5+ 15. Qd2 Qxd2+ 16. Nxd2 e5 17. O-O-O Rg8 18. g3 Rg6 19. Rhe1 O-O-O 20. Ne4
Nb6 21. dxe5 Rxd1+ 22. Rxd1 fxe5 23. Bxb6 axb6 24. g4 Be7 25. Kd2 Kd7 26. Ke2+
Ke6 27. f3 Rh6 28. Rh1 f5 29. Ng3 fxg4 30. hxg4 Rxh1 31. Nxh1 Bh4 32. Nf2 b5
33. Ne4 b6 34. b3 b4 35. c4 bxc3 36. Nxc3 Kd6 37. Kd3 Kc5 38. Ne4+ Kb4 39. Kc2
Ka3 40. Kb1 Be7 41. Nd2 b5 42. Ne4 h6 43. Ng3 c5 44. Nf5 Bf8 45. Ne3 Kb4 46.
Nd5+ Ka5 47. Kc2 Ka6 48. Kd3 Kb7 49. Ke4 Bd6 50. Kf5 Kc6 51. Nf6 c4 52. bxc4
bxc4 53. Ke4 Kc5 54. Nd5 Kb5 55. Kf5 Kc5 56. Ke4 Kb5 57. Ke3 Ka4 58. Kd2 Kb5
59. Kc2 Bc5 60. Nc3+ Kc6 61. Ne4 Bd4 62. Nf6 Kb5 63. Ne4 {Necitelny zapis} 0-1

[Event "Velka cena Tabora"]
[Site "?"]
[Date "2018.08.05"]
[Round "9.21"]
[White "Brom, Jiri"]
[Black "Kuta, Miroslav"]
[Result "1-0"]
[WhiteElo "2009"]
[BlackElo "1725"]
[PlyCount "83"]
[EventDate "2018.??.??"]

1. e4 c6 2. d4 d5 3. Nd2 dxe4 4. Nxe4 Bf5 5. Ng3 Bg6 6. h4 h6 7. Nf3 Nd7 8. h5
Bh7 9. Bd3 Bxd3 10. Qxd3 e6 11. Bd2 Qc7 12. Ne4 Ngf6 13. O-O-O Nxe4 14. Qxe4
Nf6 15. Qe2 Bd6 16. g3 O-O-O 17. c4 c5 18. Bc3 Rhe8 19. dxc5 Qxc5 20. Ne5 Re7
21. b4 Qb6 22. c5 Bxc5 23. bxc5 Rxd1+ 24. Rxd1 Qxc5 25. Kb1 Rc7 26. Bb2 Qa5 27.
Rc1 Rxc1+ 28. Bxc1 Kb8 29. Nxf7 Qb6+ 30. Bb2 Nd5 31. Qe5+ Kc8 32. Nd6+ Kd7 33.
Nc4 Qa6 34. Qxg7+ Ne7 35. Qd4+ Nd5 36. a3 b5 37. Ne3 Qc6 38. Nxd5 exd5 39.
Qxa7+ Kd6 40. Qg7 Qc4 41. Qxh6+ Kd7 42. Qf4 1-0

[Event "Velka cena Tabora"]
[Site "?"]
[Date "2018.08.05"]
[Round "9.22"]
[White "Toman, Antonin"]
[Black "Chalupecky, Vladimir"]
[Result "1-0"]
[WhiteElo "1816"]
[BlackElo "1943"]
[PlyCount "98"]
[EventDate "2018.??.??"]

1. e4 d6 2. d4 Nf6 3. Nc3 Nbd7 4. f4 e6 5. Nf3 Be7 6. Bd3 c5 7. e5 Nd5 8. Ne4
dxe5 9. dxe5 Qc7 10. c4 Nb4 11. Bb1 b6 12. a3 Nc6 13. O-O Bb7 14. Qe2 Rd8 15.
Kh1 Nd4 16. Nxd4 cxd4 17. b4 a5 18. Bd2 axb4 19. axb4 g5 20. c5 gxf4 21. Bxf4
bxc5 22. Qh5 Nf8 23. bxc5 Bxe4 24. Bxe4 Ng6 25. Qf3 O-O 26. Qg3 Qxc5 27. Rac1
Qa3 28. Rf3 d3 29. Bxd3 Bh4 30. Qh3 Rd4 31. Rcf1 Rxf4 32. Rxf4 Nxf4 33. Bxh7+
Kxh7 34. Qxa3 Ng6 35. g3 Be7 36. Qd3 Kg7 37. Qb5 Rd8 38. Re1 Rd5 39. Qb2 Bd8
40. Qb8 Ba5 41. Re3 Bd2 42. Ra3 Nxe5 43. Ra8 Ng6 44. Qg8+ Kf6 45. Ra7 Ne5 46.
Qh8+ Kg6 47. Ra8 Bh6 48. Rg8+ Kh5 49. h4 Nf3 1-0

[Event "Velka cena Tabora"]
[Site "?"]
[Date "2018.08.05"]
[Round "9.23"]
[White "Matejka, Radek"]
[Black "Cipera, Josef"]
[Result "0-1"]
[WhiteElo "1923"]
[BlackElo "1688"]
[PlyCount "50"]
[EventDate "2018.??.??"]

1. d4 Nf6 2. c4 g6 3. g3 Bg7 4. Nc3 d6 5. Bg2 O-O 6. e4 e5 7. Nge2 Nc6 8. d5
Ne7 9. O-O Ne8 10. b4 f5 11. Qb3 Nf6 12. Ba3 fxe4 13. Nxe4 Nxe4 14. Bxe4 Bh3
15. Bg2 Bxg2 16. Kxg2 e4 17. Bb2 Nf5 18. Nf4 Nh4+ 19. Kh1 Rxf4 20. gxf4 Nf3 21.
Rg1 Qh4 22. Rg2 Rf8 23. Qc2 Rxf4 24. Rb1 Rg4 25. Qd1 Rg5 0-1

[Event "Velka cena Tabora"]
[Site "?"]
[Date "2018.08.05"]
[Round "9.24"]
[White "Prochazka, Pavel"]
[Black "Hak, David"]
[Result "0-1"]
[WhiteElo "1711"]
[BlackElo "1886"]
[PlyCount "70"]
[EventDate "2018.??.??"]

1. d4 Nf6 2. c4 g6 3. Nf3 Bg7 4. e3 O-O 5. Bd3 d6 6. O-O Nc6 7. Nc3 e5 8. d5
Ne7 9. Bd2 Nd7 10. b4 f5 11. e4 f4 12. Rc1 h6 13. Qc2 g5 14. Rfd1 Ng6 15. Be1
g4 16. Nd2 Nf6 17. c5 g3 18. fxg3 Bg4 19. Be2 Bxe2 20. Nxe2 Ng4 21. Nf1 f3 22.
gxf3 Rxf3 23. Bd2 Qf6 24. h3 Nf2 25. Nh2 Nxh3+ 26. Kg2 Rf2+ 27. Kxh3 Rxe2 28.
Rf1 Nf4+ 29. gxf4 Qg6 30. Rg1 Qh5+ 31. Kg3 Qxh2+ 32. Kf3 Qf2+ 33. Kg4 Rxd2 34.
Qc4 Qxf4+ 35. Kh5 Rh2+ 0-1

[Event "Velka cena Tabora"]
[Site "?"]
[Date "2018.08.05"]
[Round "9.25"]
[White "Vavrousek, Petr"]
[Black "Sourek, Martin"]
[Result "0-1"]
[WhiteElo "1686"]
[BlackElo "1872"]
[PlyCount "100"]
[EventDate "2018.??.??"]

1. e4 c6 2. Nc3 d5 3. Nf3 Nf6 4. e5 Ne4 5. Ne2 Qb6 6. d4 e6 7. c3 c5 8. Qc2 Nc6
9. Be3 Bd7 10. dxc5 Bxc5 11. Bxc5 Qxc5 12. Ned4 Rc8 13. Nxc6 Bxc6 14. Bd3 O-O
15. O-O Bb5 16. Bxb5 Qxb5 17. Nd4 Qb6 18. Qb3 Qxb3 19. axb3 a6 20. b4 Nd2 21.
Rfd1 Nc4 22. Ra2 Nxe5 23. b5 axb5 24. Nxb5 Rc6 25. b3 Rc5 26. Nd6 Rxc3 27. Rb1
b6 28. Ra7 Rc6 29. Nb5 Rfc8 30. Kf1 g5 31. Rb7 Kg7 32. Nd4 Rc1+ 33. Rxc1 Rxc1+
34. Ke2 Kf6 35. Rxb6 Rb1 36. h3 Rb2+ 37. Kf1 Nd3 38. f3 Nf4 39. g3 Nxh3 40. Ne2
Ke5 41. Rb7 Kf6 42. b4 h5 43. b5 h4 44. gxh4 gxh4 45. Rb8 Ng5 46. f4 Ne4 47.
Ng1 Ng3+ 48. Ke1 Nh5 49. Nh3 Rb3 50. Nf2 Nxf4 0-1

[Event "Velka cena Tabora"]
[Site "?"]
[Date "2018.08.05"]
[Round "9.26"]
[White "Janousek, Petr"]
[Black "Otradovec, Lubos"]
[Result "1/2-1/2"]
[WhiteElo "1659"]
[BlackElo "1871"]
[PlyCount "82"]
[EventDate "2018.??.??"]

1. d4 Nf6 2. Nf3 g6 3. c4 Bg7 4. g3 d6 5. Bg2 O-O 6. O-O c5 7. dxc5 dxc5 8. Be3
Be6 9. Qb3 Qb6 10. Nc3 Nc6 11. Nd2 Rac8 12. Rac1 Ng4 13. Qxb6 axb6 14. Bf4 Ra8
15. a3 Nge5 16. Nd5 Bxd5 17. cxd5 Nd4 18. Rfe1 Rfd8 19. Bxe5 Bxe5 20. e3 Nb5
21. Nc4 Bc7 22. Red1 Nd6 23. Ne5 Ra4 24. Bf1 Ne4 25. Nf3 Nd6 26. Ne5 Kg7 27.
Nc4 Nxc4 28. Rxc4 Ra5 29. a4 Bd6 30. b3 b5 31. axb5 Rxb5 32. Rb1 Ra5 33. Ra4
Rda8 34. Rba1 Bc7 35. Bc4 Rxa4 36. Rxa4 Rxa4 37. bxa4 Ba5 38. Kf1 Kf6 39. Ke2
Kf5 40. f3 Ke5 41. Kd3 f6 1/2-1/2

[Event "Velka cena Tabora"]
[Site "?"]
[Date "2018.08.05"]
[Round "9.27"]
[White "Plasil, Vojtech"]
[Black "Herynek, Petr"]
[Result "1-0"]
[WhiteElo "1859"]
[BlackElo "1566"]
[PlyCount "73"]
[EventDate "2018.??.??"]

1. e4 e5 2. Nf3 Nc6 3. d4 exd4 4. Nxd4 Bc5 5. Be3 Qf6 6. c3 Nge7 7. Bc4 Na5 8.
Be2 Nac6 9. O-O O-O 10. Qd2 h6 11. b4 Bb6 12. a4 Nxd4 13. cxd4 a5 14. b5 d6 15.
Na3 d5 16. f3 Bd7 17. Kh1 c6 18. g4 dxe4 19. fxe4 Qh4 20. Rg1 Bc7 21. Rg2 h5
22. Bg5 Qh3 23. Bxe7 Rfe8 24. Qg5 hxg4 25. e5 Be6 26. Bf6 Qh7 27. Bc4 Kf8 28.
Bxe6 Rxe6 29. Bxg7+ Qxg7 30. Qxg7+ Kxg7 31. Rxg4+ Rg6 32. Rf4 c5 33. Raf1 Rf8
34. Nc4 cxd4 35. Rxd4 Rh8 36. Rd7 Rc8 37. Rfxf7+ 1-0

[Event "Velka cena Tabora"]
[Site "?"]
[Date "2018.08.05"]
[Round "9.28"]
[White "Tumova, Anna"]
[Black "Lauko, Marian"]
[Result "0-1"]
[WhiteElo "1648"]
[BlackElo "1853"]
[PlyCount "148"]
[EventDate "2018.??.??"]

1. e4 e6 2. d4 d5 3. exd5 exd5 4. c4 Bb4+ 5. Nc3 Qe7+ 6. Qe2 Be6 7. cxd5 Bxd5
8. a3 Qxe2+ 9. Ngxe2 Bxc3+ 10. bxc3 Bc4 11. Nf4 Bxf1 12. Rxf1 Nf6 13. f3 O-O
14. Bb2 Nbd7 15. c4 Nb6 16. Rc1 Rad8 17. Kf2 Rfe8 18. Rfd1 c6 19. Nd3 Nfd7 20.
Ba1 f6 21. Nb4 Nf8 22. c5 Nd5 23. Nxd5 Rxd5 24. Rb1 Re7 25. Rb4 Ne6 26. g3 Nxc5
27. Bc3 Ne6 28. Rdb1 b6 29. Rc4 c5 30. dxc5 Nxc5 31. Bb4 Nd3+ 32. Kf1 Nxb4 33.
axb4 Kf7 34. Rc2 h5 35. Ra2 Red7 36. Rba1 Rd1+ 37. Rxd1 Rxd1+ 38. Ke2 Rd7 39.
Ke3 Ke6 40. b5 g5 41. Ke4 f5+ 42. Ke3 Kf6 43. f4 g4 44. Kf2 Rd5 45. Rb2 Ke6 46.
Kg2 Kd6 47. h4 Kc7 48. Re2 Rxb5 49. Re7+ Kb8 50. Re8+ Kb7 51. Re7+ Ka6 52. Rh7
Rb2+ 53. Kg1 Rc2 54. Rxh5 Rc5 55. Rh8 b5 56. h5 b4 57. h6 b3 58. h7 b2 59. Rb8
Rb5 60. Rxb5 Kxb5 61. h8=Q b1=Q+ 62. Kf2 Qc2+ 63. Ke1 Qe4+ 64. Kd2 a5 65. Qb8+
Ka4 66. Qc8 Qb4+ 67. Ke2 Qe4+ 68. Kd2 Qd5+ 69. Ke2 Kb3 70. Qb8+ Kc3 71. Qe5+
Kc4 72. Qc7+ Qc5 73. Qf7+ Kb4 74. Qb7+ Qb5+ 0-1

[Event "Velka cena Tabora"]
[Site "?"]
[Date "2018.08.05"]
[Round "9.30"]
[White "Havelkova, Beata"]
[Black "Flajsman, Pavel"]
[Result "0-1"]
[WhiteElo "1100"]
[BlackElo "1828"]
[PlyCount "86"]
[EventDate "2018.??.??"]

1. e4 c6 2. d4 d5 3. exd5 cxd5 4. Nf3 Nc6 5. Bb5 Nf6 6. Nc3 Bg4 7. O-O e6 8.
Bg5 Be7 9. Qd3 O-O 10. Rad1 Bf5 11. Qd2 h6 12. Bh4 Qc7 13. Bd3 Bxd3 14. Qxd3 a6
15. a3 b5 16. Rfe1 Na5 17. Ne5 Rab8 18. h3 Nc4 19. Nxc4 bxc4 20. Bg3 Bd6 21.
Bxd6 Qxd6 22. Qg3 Qxg3 23. fxg3 Rxb2 24. Re2 Rfb8 25. Kf2 Kf8 26. Kf3 Ke7 27.
Kf4 Kd6 28. Rf1 Nd7 29. Kg4 Rf8 30. Rd1 Rbb8 31. Rde1 Rfe8 32. Rf1 f6 33. Rfe1
Nb6 34. Kh5 Na8 35. Kg6 Re7 36. g4 Nc7 37. h4 e5 38. g5 hxg5 39. hxg5 Rf8 40.
gxf6 Rxf6+ 41. Kg5 Ne6+ 42. Kg4 Rg6+ 43. Kf3 Nxd4+ 0-1

[Event "Velka cena Tabora"]
[Site "?"]
[Date "2018.07.30"]
[Round "2.31"]
[White "Varga, Hynek"]
[Black "Habada, Jindrich"]
[Result "0-1"]
[WhiteElo "1473"]
[BlackElo "1803"]
[PlyCount "98"]
[EventDate "2018.??.??"]

1. d4 Nf6 2. Nf3 d5 3. e3 Bg4 4. Be2 e6 5. O-O Be7 6. b3 O-O 7. c4 dxc4 8. bxc4
c5 9. Ba3 Qa5 10. Qd2 Qxd2 11. Nbxd2 Rd8 12. Rab1 b6 13. Bd3 Nc6 14. h3 Bh5 15.
g4 Bg6 16. Bxg6 hxg6 17. dxc5 Rd3 18. Rb3 Rad8 19. Rxd3 Rxd3 20. Bb2 Bxc5 21.
Nb3 Bb4 22. Nbd4 Nxd4 23. Bxd4 Nd7 24. Bb2 a5 25. Rb1 f6 26. Nd4 Kf7 27. Nb5 e5
28. a3 Be7 29. Kf1 Nc5 30. Nc3 Nb3 31. Ke2 Rd2+ 32. Ke1 Rc2 33. Na4 Nd2 34. Kd1
Nxb1 35. Kxc2 Nxa3+ 36. Bxa3 Bxa3 37. Nxb6 Ke6 38. Kb3 Bb4 39. Na4 Be1 40. f3
f5 41. e4 fxe4 42. fxe4 Kd6 43. Nc3 Kc5 44. Ne2 Bd2 45. h4 a4+ 46. Kxa4 Kxc4
47. Ng1 Be1 48. h5 gxh5 49. gxh5 Kd3 {Necitelny zapis} 0-1

[Event "Velka cena Tabora"]
[Site "?"]
[Date "2018.07.30"]
[Round "2.32"]
[White "Valtr, Filip"]
[Black "Stastna, Martina"]
[Result "1-0"]
[WhiteElo "1800"]
[BlackElo "1531"]
[PlyCount "36"]
[EventDate "2018.??.??"]

1. e4 e5 2. Nf3 Nc6 3. d4 exd4 4. Nxd4 Bc5 5. Be3 Qf6 6. c3 Nge7 7. f4 d5 8. e5
Qh4+ 9. g3 Qg4 10. Bg2 Qxd1+ 11. Kxd1 Nxd4 12. cxd4 Nf5 13. Bf2 Nxd4 14. Bxd4
Bg4+ 15. Kd2 c6 16. Be4 O-O-O 17. Ke1 Bb4+ 18. Nc3 f5 1-0

[Event "Velka cena Tabora"]
[Site "?"]
[Date "2018.07.30"]
[Round "2.33"]
[White "Vanek, Frantieek"]
[Black "Straka, Zdenek"]
[Result "0-1"]
[WhiteElo "1421"]
[BlackElo "1776"]
[PlyCount "66"]
[EventDate "2018.??.??"]

1. Nf3 Nf6 2. c4 d6 3. e3 e5 4. d3 Nbd7 5. Nc3 c6 6. b3 Be7 7. Be2 O-O 8. O-O
Re8 9. Bb2 Nf8 10. Rc1 h6 11. Rc2 g5 12. h3 Ng6 13. Nh2 Nh7 14. Bh5 Bf8 15. f3
Nf6 16. Bxg6 fxg6 17. Rcf2 Qb6 18. Qd2 a5 19. Kh1 Nh5 20. Kg1 Ng3 21. Rd1 Bg7
22. Ng4 h5 23. d4 exd4 24. Na4 Qa7 25. Bxd4 Bxd4 26. Nh6+ Kg7 27. exd4 Kxh6 28.
h4 Nf5 29. Qxg5+ Kh7 30. Qf6 b5 31. Nb6 Qxb6 32. Qf7+ Ng7 33. c5 Qb7 0-1

[Event "Velka cena Tabora"]
[Site "?"]
[Date "2018.07.30"]
[Round "2.34"]
[White "Nechutny, Michal"]
[Black "Sindelka, Vladimir"]
[Result "1-0"]
[WhiteElo "1746"]
[BlackElo "1489"]
[PlyCount "72"]
[EventDate "2018.??.??"]

1. e4 e6 2. d4 c6 3. Nc3 d5 4. exd5 exd5 5. Nf3 Bg4 6. Be2 Bb4 7. O-O Bxc3 8.
bxc3 Nf6 9. Ba3 Nbd7 10. Ng5 Be6 11. Re1 Qc7 12. Bg4 Nxg4 13. Qxg4 O-O-O 14.
Nxe6 fxe6 15. Qxe6 Qf4 16. Bd6 Qf6 17. Qxf6 Nxf6 18. Be7 Rd7 19. Bxf6 gxf6 20.
Re6 Rf8 21. Rae1 Rff7 22. Kf1 Kd8 23. R1e3 Rde7 24. Rxe7 Rxe7 25. Rxe7 Kxe7 26.
Ke2 Kd6 27. g4 c5 28. Kd3 c4+ 29. Kd2 Ke6 30. Ke3 h6 31. h4 a5 32. Kf4 b6 33.
g5 fxg5+ 34. hxg5 hxg5+ 35. Kxg5 Kf7 36. Kf5 b5 1-0

[Event "Velka cena Tabora"]
[Site "?"]
[Date "2018.07.30"]
[Round "2.35"]
[White "Kuta, Miroslav"]
[Black "Vojta, Ladislav"]
[Result "1/2-1/2"]
[WhiteElo "1725"]
[BlackElo "1468"]
[PlyCount "74"]
[EventDate "2018.??.??"]

1. d4 b5 2. e3 Bb7 3. Nf3 a6 4. c4 bxc4 5. Bxc4 e6 6. O-O Nf6 7. Nc3 d5 8. Bd3
c5 9. Bc2 Nc6 10. Ba4 Bd6 11. dxc5 Bxc5 12. a3 O-O 13. b4 Bd6 14. Bb2 Ne5 15.
Nd4 Nc4 16. Qe2 Nxb2 17. Qxb2 Qb6 18. Rac1 Rac8 19. Nf3 h6 20. Bd1 Rc7 21. Na4
Qb5 22. Rxc7 Bxc7 23. Nd4 Qe8 24. Nc5 Qb8 25. Be2 Qa7 26. Rc1 Rc8 27. Nxb7 Qxb7
28. g3 Bb6 29. Rxc8+ Qxc8 30. Qc2 Qxc2 31. Nxc2 a5 32. b5 Ne4 33. Kf1 Kf8 34.
Bd3 Nd2+ 35. Ke2 Nb1 36. Kd1 Bc5 37. Kc1 Nc3 1/2-1/2

[Event "Velka cena Tabora"]
[Site "?"]
[Date "2018.07.30"]
[Round "2.36"]
[White "Chval, Zdenek ml"]
[Black "Prochazka, Pavel"]
[Result "1-0"]
[WhiteElo "1360"]
[BlackElo "1711"]
[PlyCount "125"]
[EventDate "2018.??.??"]

1. e4 e5 2. Nf3 Nc6 3. Bc4 Nf6 4. d3 h6 5. c3 Bc5 6. O-O O-O 7. Nbd2 d6 8. h3
Be6 9. Bb3 a6 10. Re1 Qd7 11. Nf1 Rad8 12. Ng3 Nh7 13. Nh4 Ne7 14. Bxe6 Qxe6
15. Nhf5 Rd7 16. Qg4 Ng6 17. Nh5 Nf6 18. Nxf6+ Qxf6 19. d4 exd4 20. cxd4 Bb4
21. Re3 Rfd8 22. Rf3 Qe6 23. h4 h5 24. Qxh5 Qxe4 25. Qg5 Qe1+ 26. Kh2 d5 27. h5
Bd6+ 28. Nxd6 Rxd6 29. hxg6 fxg6 30. Qe3 Qd1 31. Qd2 Qf1 32. Re3 g5 33. Re1
Rh6+ 34. Kg3 Qb5 35. Qc3 Qd7 36. Be3 Rf8 37. Qc5 Rh4 38. f3 Rh6 39. Rh1 Rc6 40.
Rh8+ Kxh8 41. Qxf8+ Kh7 42. Rh1+ Kg6 43. Qh8 Qd6+ 44. Kf2 Rc2+ 45. Ke1 Qg3+ 46.
Kd1 Rxb2 47. Qe8+ Kf6 48. Qd8+ Kg6 49. Rh8 Rb1+ 50. Kc2 Qxg2+ 51. Kxb1 Qf1+ 52.
Bc1 Qd3+ 53. Kb2 Qxd4+ 54. Kc2 Qa4+ 55. Kd2 Qxa2+ 56. Ke3 Qb3+ 57. Kf2 Qb5 58.
Qe8+ Qxe8 59. Rxe8 d4 60. Re7 c5 61. Rxb7 c4 62. Rc7 c3 63. Rd7 1-0

[Event "Velka cena Tabora"]
[Site "?"]
[Date "2018.07.30"]
[Round "2.37"]
[White "Cipera, Josef"]
[Black "Porazil, Jan Frantisek"]
[Result "1-0"]
[WhiteElo "1688"]
[BlackElo "1334"]
[PlyCount "20"]
[EventDate "2018.??.??"]

1. d4 d5 2. Bf4 Nc6 3. e3 Bf5 4. a3 f6 5. Nf3 Be4 6. Nbd2 e6 7. Rc1 Bd6 8. Bg3
e5 9. dxe5 fxe5 10. Nxe5 Nxe5 {Necitelny zapis} 1-0

[Event "Velka cena Tabora"]
[Site "?"]
[Date "2018.07.30"]
[Round "2.38"]
[White "Zilava, Anezka"]
[Black "Vavrousek, Petr"]
[Result "0-1"]
[WhiteElo "1322"]
[BlackElo "1686"]
[PlyCount "60"]
[EventDate "2018.??.??"]

1. d4 d5 2. c4 e6 3. Bd2 dxc4 4. Qa4+ Nc6 5. e3 Nf6 6. Nf3 Be7 7. Bxc4 Bd7 8.
Qc2 Nb4 9. Qb3 Bc6 10. Nc3 a5 11. Na4 b5 12. Ne5 bxc4 13. Nxc6 Nxc6 14. Qxc4
Qd5 15. Qxd5 Nxd5 16. Rc1 Kd7 17. O-O Rab8 18. a3 Rb3 19. h4 Nb6 20. Nxb6+ cxb6
21. Rc2 Bxh4 22. Rfc1 Rc8 23. e4 Na7 24. Bc3 Bg5 25. Rd1 Nb5 26. d5 e5 27. f3
Nxc3 28. bxc3 Rbxc3 29. Rb2 Rxa3 30. Rxb6 Be3+ 0-1

[Event "Velka cena Tabora"]
[Site "?"]
[Date "2018.07.30"]
[Round "2.39"]
[White "Abraham, Karel"]
[Black "Veverkova, Dorota"]
[Result "1-0"]
[WhiteElo "1676"]
[BlackElo "1277"]
[PlyCount "59"]
[EventDate "2018.??.??"]

1. e4 c5 2. c3 d5 3. e5 Nc6 4. d4 cxd4 5. cxd4 Bf5 6. Bd3 Bxd3 7. Qxd3 e6 8.
Ne2 Bb4+ 9. Nd2 Nge7 10. O-O O-O 11. a3 Ba5 12. b4 Bb6 13. Nb3 Nf5 14. Bb2 Qg5
15. Rac1 f6 16. f4 Qg6 17. Nc5 Bxc5 18. dxc5 Rad8 19. Kh1 Qh6 20. exf6 gxf6 21.
g4 Nh4 22. Qh3 Kf7 23. g5 Qh5 24. Ng3 Qg6 25. Qxh4 d4 26. gxf6 d3 27. f5 exf5
28. Qc4+ Ke8 29. Qe6+ Ne7 30. Qxe7# 1-0

[Event "Velka cena Tabora"]
[Site "?"]
[Date "2018.07.30"]
[Round "2.40"]
[White "Cernik, Rudolf"]
[Black "Janousek, Petr"]
[Result "0-1"]
[WhiteElo "1268"]
[BlackElo "1659"]
[PlyCount "42"]
[EventDate "2018.??.??"]

1. e4 c6 2. Nf3 d5 3. Nc3 dxe4 4. Nxe4 Bf5 5. Ng3 Bg6 6. h4 h6 7. Ne5 Bh7 8.
Bc4 e6 9. Qh5 Qf6 10. O-O Bd6 11. d4 Ne7 12. Re1 Nd5 13. Ne4 Bxe4 14. Rxe4 Nd7
15. Bg5 Qf5 16. Bxd5 g6 17. Nxg6 fxg6 18. Qe2 Qxd5 19. Rxe6+ Kf7 20. Re7+ Bxe7
21. Qxe7+ Kg8 0-1

[Event "Velka cena Tabora"]
[Site "?"]
[Date "2018.07.30"]
[Round "3.31"]
[White "Petr, Josef"]
[Black "Lauko, Marian"]
[Result "0-1"]
[WhiteElo "1608"]
[BlackElo "1853"]
[PlyCount "88"]
[EventDate "2018.??.??"]

1. e4 e6 2. Nf3 d5 3. exd5 exd5 4. d4 Nf6 5. Bg5 Be7 6. Bd3 Bg4 7. Nbd2 O-O 8.
O-O c6 9. c3 Nbd7 10. Re1 Bd6 11. Qc2 Qc7 12. h3 Bh5 13. c4 dxc4 14. Bxc4 Bg6
15. Bd3 Nd5 16. a3 Bf4 17. Bxf4 Nxf4 18. Bxg6 hxg6 19. Ne4 Rae8 20. Nc5 Nxc5
21. dxc5 Qc8 22. Kh2 Qc7 23. Kg1 Rd8 24. b4 Qc8 25. Kh2 Rd3 26. Re3 Rxe3 27.
fxe3 Nd5 28. g3 Nxe3 29. Qd3 Nd5 30. Re1 Qc7 31. Qe4 Nf6 32. Qe7 Qc8 33. Ng5
Qf5 34. Ne4 Nxe4 35. Qxe4 Qf2+ 36. Kh1 Qxg3 37. Re3 Qf2 38. Re2 Qf6 39. Kh2 Rd8
40. Qe7 Qf4+ 41. Kg2 Rd3 42. Rf2 Qg3+ 43. Kf1 Rd1+ 44. Ke2 Qd3# 0-1

[Event "Velka cena Tabora"]
[Site "?"]
[Date "2018.07.30"]
[Round "3.32"]
[White "Herynek, Petr"]
[Black "Korinkova, Eva"]
[Result "1-0"]
[WhiteElo "1566"]
[BlackElo "1850"]
[PlyCount "78"]
[EventDate "2018.??.??"]

1. Nf3 d5 2. g3 g6 3. Bg2 Bg7 4. O-O Nf6 5. d3 O-O 6. Nbd2 Nc6 7. e4 d4 8. Re1
e5 9. Nb3 Qd6 10. c3 Bg4 11. h3 Bxf3 12. Qxf3 Rad8 13. Bf1 b6 14. Nd2 b5 15. a3
a5 16. a4 dxc3 17. bxc3 b4 18. Nc4 Qe6 19. Bb2 Ne8 20. Ne3 Ne7 21. cxb4 axb4
22. a5 Ra8 23. Rec1 c6 24. Qd1 Nc7 25. Qa4 Na6 26. Kg2 Rfc8 27. Nc4 Rc7 28. Be2
c5 29. Nb6 Rb8 30. d4 exd4 31. Bxa6 Qxe4+ 32. Kg1 Qe6 33. Bf1 Ra7 34. Qb5 Nc8
35. Re1 Qd6 36. Re8+ Bf8 37. Rxc8 Rxb6 38. Qxb6 Qd7 39. Qb8 Qb7 1-0

[Event "Velka cena Tabora"]
[Site "?"]
[Date "2018.07.30"]
[Round "3.33"]
[White "Rolinek, Frantisek"]
[Black "Chval, Zdenek ml"]
[Result "1/2-1/2"]
[WhiteElo "1849"]
[BlackElo "1360"]
[PlyCount "90"]
[EventDate "2018.??.??"]

1. e4 e5 2. Nf3 Nc6 3. Bb5 a6 4. Bxc6 dxc6 5. O-O Nf6 6. Nc3 Bd6 7. h3 O-O 8.
d4 Qe7 9. Bg5 h6 10. Bh4 Rd8 11. d5 g5 12. Nxg5 hxg5 13. Bxg5 Kg7 14. Qf3 Rg8
15. dxc6 bxc6 16. Ne2 Qe6 17. Ng3 Nh7 18. Nf5+ Kh8 19. Bh4 Qg6 20. Rad1 Bxf5
21. exf5 Qg7 22. Qxc6 Ng5 23. Bg3 e4 24. Rxd6 cxd6 25. Qxd6 f6 26. Qf4 Rac8 27.
h4 Nf7 28. Qxe4 Rge8 29. Qa4 Re2 30. c4 Rxb2 31. Qxa6 Qf8 32. Qxf6+ Qg7 33. Qe6
Ra8 34. c5 Raxa2 35. c6 Qxg3 36. Qxf7 Rxf2 37. Qe8+ Kg7 38. Qe7+ Kh8 39. Qe8+
Kh7 40. Qe7+ Kh8 41. Qf6+ Kg8 42. Qe6+ Kh7 43. Qd7+ Kg8 44. Qe6+ Kh8 45. Qe8+
Kg7 1/2-1/2